Insuficiencia respiratoria y ventilación mecánica

Saved in:
Bibliografiske detaljer
Hovedforfatter: Caviedes Soto, Iván (Author)
Format: Bog
Sprog:spansk
Udgivet: Santiago Mediterráneo 2000
Udgivelse:1a. ed
Fag:
Tags: Tilføj Tag
Ingen Tags, Vær først til at tagge denne postø!

MARC

LEADER 00000nam a2200000 a 4500
001 UCO5730
003 CL-VaPUC
005 20231116130426.0
008 000915e20000000CL |||||||||||||||||spa|d
999 |c 291565  |d 291563 
020 |a 9562201848 
040 |c Pontificia Universidad Católica de Valparaíso 
082 0 4 |a 616.2  |b CAV  |2 21 
100 0 |a Caviedes Soto, Iván  |e author  |9 450528 
245 1 0 |a Insuficiencia respiratoria y ventilación mecánica 
250 |a 1a. ed 
260 |a Santiago  |b Mediterráneo  |c 2000 
300 |a 424 p 
583 |a last modification  |c 20000915 00:00:00  |k Rodrigo Vera 
650 0 |a Insuficiencia respiratoria  |9 523589 
650 0 |a Respiración artificial  |2 CL-VaPUC  |9 885975 
942 |c BK  |2 ddc 
945 |d 20000915 00:00:00  |a vberengu 
952 |0 0  |1 0  |4 0  |6 616_200000000000000_CAV_2000  |7 0  |8 A  |9 341491  |a BIBCUR  |b BIBCUR  |d 2019-11-20  |i 3648168  |o 616.2 CAV 2000  |p 3648168  |r 2025-04-22  |w 2019-11-20  |y BK  |k KIN 
952 |0 0  |1 0  |4 0  |6 616_200000000000000_CAV_2000  |7 0  |8 A  |9 341492  |a BIBCUR  |b BIBCUR  |d 2019-11-20  |i 3648176  |l 1  |o 616.2 CAV 2000  |p 3648176  |r 2025-04-22  |s 2023-05-09  |w 2019-11-20  |y BK  |k KIN 
952 |0 0  |1 0  |4 0  |6 616_200000000000000_CAV_2000  |7 0  |8 A  |9 341493  |a BIBCUR  |b BIBCUR  |d 2019-11-20  |i 3648184  |o 616.2 CAV 2000  |p 3648184  |r 2025-04-22  |w 2019-11-20  |y BK  |k KIN 
952 |0 0  |1 0  |4 0  |6 616_200000000000000_CAV_2000  |7 0  |8 A  |9 341494  |a BIBCUR  |b BIBCUR  |d 2019-11-20  |i 3648192  |o 616.2 CAV 2000  |p 3648192  |r 2025-04-22  |w 2019-11-20  |y BK  |k KIN 
952 |0 0  |1 0  |4 0  |6 616_200000000000000_CAV_2000  |7 0  |8 A  |9 341495  |a BIBCUR  |b BIBCUR  |d 2019-11-20  |i 3648206  |o 616.2 CAV 2000  |p 3648206  |r 2025-04-22  |w 2019-11-20  |y BK  |k KIN 
952 |0 0  |1 0  |4 0  |6 616_200000000000000_CAV_2000  |7 0  |8 A  |9 341496  |a BIBCUR  |b BIBCUR  |d 2019-11-20  |i 3730735  |o 616.2 CAV 2000  |p 3730735  |r 2025-04-22  |w 2019-11-20  |y BK  |k KIN 
952 |0 0  |1 0  |4 0  |6 616_200000000000000_CAV_2000  |7 0  |8 A  |9 341497  |a BIBCUR  |b BIBCUR  |d 2019-11-20  |i 3730743  |l 3  |m 2  |o 616.2 CAV 2000  |p 3730743  |r 2025-05-06  |s 2025-04-14  |w 2019-11-20  |y BK  |k KIN 
952 |0 0  |1 0  |4 0  |6 616_200000000000000_CAV_2000  |7 0  |8 A  |9 341498  |a BIBCUR  |b BIBCUR  |d 2019-11-20  |i 1089056  |l 4  |m 1  |o 616.2 CAV 2000  |p 1089056  |r 2025-04-22  |s 2024-07-04  |w 2019-11-20  |y BK  |k KIN